000 00432nam a2200145Ia 4500
008 090124s9999 xx 000 0 und d
082 _b133671
_a102682
245 _a खेळिया
250 _a1
260 _bभारद्वाज मंदीकिनी / भारद्वाज प्रल्हाद
_c2006
300 _a248
630 _a खेळिया
730 _a खेळिया
942 _cBOOK
999 _c179906
_d179906